000 00295nam a22001217a 4500
008 170612b xxu||||| |||| 00| 0 eng d
041 _aeng
080 _a328
100 _a19
101 _aSHP
245 _aAN AMERICAN MELODRAMA THE PRESIDENTIAL CAMPAIGN
_cCHESTER.L
942 _2udc
_cBK
999 _c16902
_d16902